000 00571nam a2200181Ia 4500
008 151202s9999||||xx |||||||||||||| ||und||
082 _bPNVM-38855
100 _aभावे पु.भा.
245 _aरक्त आणि अश्रु.
260 _b"मेनका प्रकाशन,पुणे."
260 _c1977
300 _a112
600 _aभावे पु.भा.
630 _aरक्त आणि अश्रु.
700 _aभावे पु.भा.
730 _aरक्त आणि अश्रु.
942 _cBOOK
999 _c1304807
_d1304804